Las Meninas im Spiegel der Deutungen : eine Einführung in die Methoden der Kunstgeschichte

Saved in:
Bibliographic Details
Document Type: Book
Language:German
Published: Berlin : Reimer , 2001
Subjects:
Online Access:Inhaltsverzeichnis
Rezension
Rezension
Related Items:Rezensiert in: [Rezension von: Thierry Greub (Hrsg.), Las Meninas im Spiegel der Deutungen]
Author Notes:Thierry Greub (Hg.)
LEADER 04957cam a2200973 c 4500
001 1615219986
003 DE-627
005 20260206203904.0
007 tu
008 010119s2001 gw ||||| 00| ||ger c
015 |a 01,N47,0451  |2 dnb 
015 |a 02,A09,1438  |2 dnb 
016 7 |a 962923583  |2 DE-101 
020 |a 349601234X  |q brosch. : EUR 24.90, ca. sfr 44.80, ca. S 358.00  |9 3-496-01234-X 
035 |a (DE-627)1615219986 
035 |a (DE-603)096212934 
035 |a (DE-576)089228332 
035 |a (DE-599)BSZ089228332 
035 |a (OCoLC)248855785 
035 |a (OCoLC)48652882 
035 |a (OCoLC)48652882 
035 |a (OCoLC)432902436 
035 |a (AT-OBV)AC03321659 
035 |a (JUB)b10334658 
040 |a DE-627  |b ger  |c DE-627  |e rakwb 
041 |a ger 
044 |c XA-DE  |c XA-ES 
050 0 |a ND813.V4 
050 0 |a ND813.V4 
084 |a 46  |2 sdnb 
084 |a 9,10  |2 ssgn 
084 |a LI 91950  |2 rvk  |0 (DE-625)rvk/97334: 
084 |a LH 61050  |q BVB  |2 rvk  |0 (DE-625)rvk/94204: 
084 |a LI 34759  |2 rvk  |0 (DE-625)rvk/96136:13287 
084 |a 20.31  |2 bkl 
084 |a 21.02  |2 bkl 
084 |a 20.00  |2 bkl 
084 |a 20.89  |2 bkl 
084 |a 20.03  |2 bkl 
245 0 4 |a Las Meninas im Spiegel der Deutungen  |b eine Einführung in die Methoden der Kunstgeschichte  |c Thierry Greub (Hg.) 
246 3 0 |a Meninas im Spiegel der Deutungen 
246 3 0 |a Las 
264 1 |a Berlin  |b Reimer  |c 2001 
300 |a 293, [40] S.  |b Ill.  |c 21 cm 
336 |a Text  |b txt  |2 rdacontent 
337 |a ohne Hilfsmittel zu benutzen  |b n  |2 rdamedia 
338 |a Band  |b nc  |2 rdacarrier 
500 |a Literaturverz. S. 281 - 289 
583 1 |a Archivierung/Langzeitarchivierung gewährleistet  |f SSG  |x XA-DE-BW  |2 pdager  |5 DE-16 
600 1 0 |a Velázquez, Diego  |d 1599-1660  |t Maids of honor 
600 1 7 |0 (DE-588)4368609-6  |0 (DE-627)182933032  |0 (DE-576)211706892  |a Velázquez, Diego Rodríguez de Silva y  |d 1599-1660  |t Las Meninas  |a DNB  |2 gnd 
650 4 |a Velázquez, Diego <1599-1660>  |x Maids of honor 
650 4 |a Art criticism  |x Methodology  |x History 
655 7 |a Aufsatzsammlung  |0 (DE-588)4143413-4  |0 (DE-627)105605727  |0 (DE-576)209726091  |2 gnd-content 
689 0 0 |d u  |0 (DE-588)4368609-6  |0 (DE-627)182933032  |0 (DE-576)211706892  |a Velázquez, Diego Rodríguez de Silva y  |d 1599-1660  |t Las Meninas  |2 gnd 
689 0 |5 DE-101 
689 1 0 |d u  |0 (DE-588)4368609-6  |0 (DE-627)182933032  |0 (DE-576)211706892  |a Velázquez, Diego Rodríguez de Silva y  |d 1599-1660  |t Las Meninas  |2 gnd 
689 1 |5 (DE-627) 
689 2 0 |d u  |0 (DE-588)4368609-6  |0 (DE-627)182933032  |0 (DE-576)211706892  |a Velázquez, Diego Rodríguez de Silva y  |d 1599-1660  |t Las Meninas  |2 gnd 
689 2 |5 (DE-627) 
700 1 |a Greub, Thierry  |d 1970-  |0 (DE-588)1031388168  |0 (DE-627)736584617  |0 (DE-576)183427351  |4 oth 
787 0 8 |i Rezensiert in  |a Poeschel, Sabine, 1956 -   |t [Rezension von: Thierry Greub (Hrsg.), Las Meninas im Spiegel der Deutungen]  |d 2002  |w (DE-627)1920834125 
856 4 2 |u http://d-nb.info/962923583/04  |m V:AT-OBV  |q application/pdf  |v 20130501  |x Verlag  |3 Inhaltsverzeichnis  |7 1 
856 4 2 |u https://swbplus.bsz-bw.de/bsz089228332rez.htm  |m V:DE-576  |v 2005-08-10  |3 Rezension  |7 1 
856 4 2 |u http://scans.hebis.de/HEBCGI/show.pl?09621293_rez.pdf  |m V:DE-576  |q application/pdf  |3 Rezension  |7 1 
889 |w (DE-576)9336207245 
889 |w (DE-627)399829237 
889 |w (DE-627)336207247 
935 |i mdedup 
936 r v |a LI 91950  |b Velázquez, Diego Rodriguez de Silva y  |k Kunstgeschichte  |k Künstler-Monografien  |k Alphabetische Künstlerliste  |k Künstler V  |k Velázquez, Diego Rodriguez de Silva y  |0 (DE-627)1270638114  |0 (DE-625)rvk/97334:  |0 (DE-576)200638114 
936 r v |a LH 61050  |b Methodologie der Kunstgeschichte  |k Kunstgeschichte  |k Allgemeines. Allgemeine Kunstgeschichte  |k Theorie und Praxis der Bildenden Kunst  |k Theorie der Bildenden Kunst  |k Methodologie der Kunstgeschichte  |0 (DE-627)1271071916  |0 (DE-625)rvk/94204:  |0 (DE-576)201071916 
936 r v |a LI 34759  |b Monographien und Bildbände zu einzelnen Kunstwerken  |k Kunstgeschichte  |k Künstler-Monografien  |k Alphabetische Künstlerliste  |k Künstler G  |k Goya y Lucientes, Francisco José de (bis LI 34760)  |k Monographien und Bildbände zu einzelnen Kunstwerken  |0 (DE-627)1271488159  |0 (DE-625)rvk/96136:13287  |0 (DE-576)201488159 
936 b k |a 20.31  |j Bildende Künstler  |0 (DE-627)181571080 
936 b k |a 21.02  |j Geschichte der Malerei  |0 (DE-627)106406698 
936 b k |a 20.00  |j Kunstwissenschaften: Allgemeines  |0 (DE-627)106406493 
936 b k |a 20.89  |j Kunstgeschichte: Sonstiges  |0 (DE-627)106406639 
936 b k |a 20.03  |j Methoden und Techniken der Kunstwissenschaften  |0 (DE-627)10640637X 
936 s n |a l300  |2 mzub 
951 |a BO 
990 |a Velázquez, Diego Rodríguez de Silva y / Las Meninas 
990 |a Velázquez, Diego Rodríguez de Silva y / Las Meninas 
990 |a Velázquez, Diego Rodríguez de Silva y / Las Meninas 
991 |a Rezensiertes Werk 
999 |a KXP-PPN1615219986  |e 4949260650